|
|
|
|
| LEADER |
00000nab a2200000 ar4500 |
| 001 |
vtls008963292 |
| 003 |
SK-MaSNL |
| 005 |
20260303070745.0 |
| 008 |
070414c2007 xo wr|p|||||||000 b|slo |
| 015 |
|
|
|a SNBRB2007/04
|2 snkbucl
|
| 038 |
|
|
|a SNKBUCL
|
| 040 |
|
|
|a SNKBUCL
|b slo
|c SNKBUCL
|e AACR2
|
| 041 |
0 |
|
|a slo
|
| 044 |
|
|
|a xo
|c SK
|
| 080 |
|
|
|a 629.331.1
|2 1997
|
| 245 |
0 |
0 |
|a Malé potešenie
|b Renault Twingo
|c Peter Marianyi
|
| 300 |
|
|
|b Fotogr., tab.
|
| 650 |
0 |
7 |
|a Renault Twingo (osobný automobil)
|2 snkbucl
|9 1040531
|
| 650 |
0 |
7 |
|a technické parametre
|2 snkbucl
|9 452097
|
| 650 |
0 |
7 |
|a osobné automobily
|2 snkbucl
|9 26643
|
| 773 |
0 |
|
|t Stop
|g Roč. XXXVII, č. 6 (2007), s. 36-37
|x 1335-0730
|
| 852 |
|
|
|a SNK
|b KIS3GCP
|
| 999 |
|
|
|c 1756789
|d 1758719
|